[Event "SVK-ch rapid"]
[Site "Podbanske"]
[Date "2022.09.11"]
[Round "8"]
[White "Gyerpal, Adrian"]
[Black "Sturc, Gustav"]
[Result "1-0"]
[WhiteElo "2054"]
[BlackElo "1787"]
[PlyCount "71"]
[EventDate "2022.09.10"]
[EventType "swiss (rapid)"]
[EventRounds "9"]
[EventCountry "SVK"]
[SourceTitle "CBM 210 Extra"]
[Source "ChessBase"]
[SourceDate "2022.11.30"]
[SourceVersion "1"]
[SourceVersionDate "2022.11.30"]
[SourceQuality "1"]

1. d4 Nf6 2. c4 c5 3. d5 e6 4. Nc3 exd5 5. cxd5 d6 6. e4 g6 7. f4 Bg7 8. Nf3 0-0 9. Bd3 Re8 10. 0-0 Na6 11. Re1 Ng4 12. Bxa6 bxa6 13. h3 Nh6 14. Qd3 Rb8 15. Kh2 Rb4 16. a3 Rb8 17. Re2 Bd7 18. Be3 Bxc3 19. bxc3 Bb5 20. c4 Ba4 21. f5 Rb3 22. Qd2 Qf6 23. Rae1 Rxe3 24. Qxe3 Kg7 25. g4 g5 26. Qxg5+ Qxg5 27. Nxg5 Ng8 28. Nf3 f6 29. Rb2 Re7 30. Kg3 Rc7 31. Kf4 Ne7 32. h4 h6 33. g5 fxg5+ 34. hxg5 hxg5+ 35. Nxg5 Ng8 36. Ne6+ 1-0

[Event "SVK-chT2A 2122"]
[Site "Slovakia"]
[Date "2022.05.01"]
[Round "11.7"]
[White "Mihalik, Anton"]
[Black "Sturc, Gustav"]
[Result "1/2-1/2"]
[WhiteElo "1957"]
[BlackElo "1804"]
[PlyCount "30"]
[EventDate "2021.10.16"]
[EventType "team-tourn"]
[EventRounds "11"]
[EventCountry "SVK"]
[SourceTitle "EXT 2023"]
[Source "ChessBase"]
[SourceDate "2022.10.05"]
[SourceVersion "1"]
[SourceVersionDate "2022.10.05"]
[SourceQuality "1"]
[WhiteTeam "Piestany Kupele"]
[BlackTeam "Bratislava Slovan IV"]
[WhiteTeamCountry "SVK"]
[BlackTeamCountry "SVK"]

1. c4 Nf6 2. Nc3 c5 3. g3 e6 4. Bg2 d5 5. cxd5 exd5 6. e3 Nc6 7. d4 cxd4 8. exd4 Be7 9. Nge2 Bf5 10. a3 Ne4 11. 0-0 0-0 12. Be3 Bf6 13. b4 Re8 14. Rc1 Qd7 15. Re1 Rad8 1/2-1/2

[Event "SVK-chT2A 1920"]
[Site "Slovakia"]
[Date "2020.02.16"]
[Round "9.8"]
[White "Stefik, Miroslav"]
[Black "Sturc, Gustav"]
[Result "0-1"]
[WhiteElo "1629"]
[BlackElo "1875"]
[PlyCount "140"]
[EventDate "2019.10.26"]
[EventType "team-tourn"]
[EventRounds "11"]
[EventCountry "SVK"]
[SourceTitle "CBM 195 Extra"]
[Source "ChessBase"]
[SourceDate "2020.05.31"]
[SourceVersion "1"]
[SourceVersionDate "2020.05.31"]
[SourceQuality "1"]
[WhiteTeam "Cifer"]
[BlackTeam "Bratislava Slovan IV"]
[WhiteTeamCountry "SVK"]
[BlackTeamCountry "SVK"]

1. e4 e5 2. Nf3 Nc6 3. Nc3 d6 4. Bc4 Be7 5. d4 exd4 6. Nxd4 Nxd4 7. Qxd4 Bf6 8. Qd3 Ne7 9. 0-0 0-0 10. Qf3 Ng6 11. Bf4 Be6 12. Bd3 Nxf4 13. Qxf4 Bxc3 14. bxc3 g6 15. c4 f6 16. Rae1 b6 17. Re3 Qe7 18. Rg3 Rf7 19. Qe3 Rg7 20. f4 Qf7 21. Qd4 f5 22. exf5 Bxf5 23. Be4 Bxe4 24. Qxe4 Re8 25. Qd3 Qf5 26. Qd5+ Qxd5 27. cxd5 Re4 28. Rd3 Rge7 29. g3 Kg7 30. Kg2 Rc4 31. Rf2 a5 32. c3 Re1 33. Rc2 Kf6 34. Kf3 a4 35. h4 h5 36. Re3 Rxe3+ 37. Kxe3 Kf5 38. Kd3 Re4 39. Re2 Rxe2 40. Kxe2 Ke4 41. c4 a3 42. Kf2 b5 43. cxb5 Kxd5 44. Kf3 Kd4 45. g4 hxg4+ 46. Kxg4 Ke4 47. Kg5 d5 48. h5 gxh5 49. f5 h4 50. f6 h3 51. f7 h2 52. f8Q h1Q 53. Qxa3 Qg1+ 54. Kh5 Qb6 55. Qa6 Kd4 56. a4 Kc5 57. Qa8 d4 58. Qf8+ Qd6 59. Qxd6+ Kxd6 60. Kg4 Kc5 61. Kf3 Kb4 62. Ke4 Kxa4 63. Kxd4 Kxb5 64. Kc3 Kc5 65. Kd3 Kb4 66. Kc2 Kc4 67. Kb2 Kd3 68. Kc1 c5 69. Kd1 c4 70. Kc1 Kc3 0-1

[Event "SVK-ch 65"]
[Site "Tatranske Matliare"]
[Date "2019.05.29"]
[Round "6"]
[White "Sturc, Gustav"]
[Black "Valtera, Jiri"]
[Result "1/2-1/2"]
[WhiteElo "1962"]
[BlackElo "1935"]
[PlyCount "49"]
[EventDate "2019.05.25"]
[EventType "swiss"]
[EventRounds "9"]
[EventCountry "SVK"]
[SourceTitle "CBM 190 Extra"]
[Source "ChessBase"]
[SourceDate "2019.07.15"]
[SourceVersion "1"]
[SourceVersionDate "2019.07.15"]
[SourceQuality "1"]

1. e4 c5 2. c3 e6 3. d4 d5 4. e5 Nc6 5. f4 Qb6 6. Nf3 Nge7 7. dxc5 Qxc5 8. Bd3 Nf5 9. Qe2 h5 10. Bxf5 exf5 11. Be3 Qa5 12. Nbd2 Be6 13. Nb3 Qc7 14. Nbd4 a6 15. a3 Be7 16. Kf2 0-0 17. h4 g6 18. Ng5 Nxd4 19. Bxd4 Rac8 20. Rad1 Qc4 21. Qe3 Qb3 22. Rd2 Bxg5 23. hxg5 Rc4 24. Rh3 Rfc8 25. Qe2 1/2-1/2

[Event "SVK-ch 65"]
[Site "Tatranske Matliare"]
[Date "2019.05.28"]
[Round "5"]
[White "Briza, Jiri"]
[Black "Sturc, Gustav"]
[Result "1/2-1/2"]
[WhiteElo "1928"]
[BlackElo "1962"]
[PlyCount "71"]
[EventDate "2019.05.25"]
[EventType "swiss"]
[EventRounds "9"]
[EventCountry "SVK"]
[SourceTitle "CBM 190 Extra"]
[Source "ChessBase"]
[SourceDate "2019.07.15"]
[SourceVersion "1"]
[SourceVersionDate "2019.07.15"]
[SourceQuality "1"]

1. d4 Nf6 2. c4 c5 3. Nf3 cxd4 4. Nxd4 Nc6 5. g3 g6 6. Bg2 Nxd4 7. Qxd4 Bg7 8. 0-0 0-0 9. Nc3 d6 10. Qd1 Rb8 11. Qc2 Be6 12. Nd5 Qd7 13. e4 Rfc8 14. Qe2 b5 15. cxb5 Bxd5 16. exd5 Rxb5 17. a4 Rbc5 18. Be3 Rc2 19. Qb5 Qxb5 20. axb5 Rxb2 21. Rab1 Ra2 22. Rfc1 Rxc1+ 23. Rxc1 Bf8 24. Rc8 Kg7 25. Ra8 Rb2 26. Bf1 Rb1 27. Bd4 Rd1 28. Bc3 Rc1 29. Bxf6+ exf6 30. Rxa7 Rb1 31. Kg2 f5 32. h4 Kh6 33. Rxf7 Bg7 34. Rd7 Rb2 35. Kf3 Bd4 36. Be2 1/2-1/2

[Event "SVK-ch Seniors 65"]
[Site "Tatranske Matliare"]
[Date "2017.05.28"]
[Round "3"]
[White "Sturc, Gustav"]
[Black "Munk, Lubomir"]
[Result "1-0"]
[WhiteElo "2012"]
[BlackElo "1836"]
[PlyCount "93"]
[EventDate "2017.05.27"]
[EventType "swiss"]
[EventRounds "9"]
[EventCountry "SVK"]
[SourceTitle "EXT 2023"]
[Source "ChessBase"]
[SourceDate "2022.10.05"]
[SourceVersion "1"]
[SourceVersionDate "2022.10.05"]
[SourceQuality "1"]

1. b4 e5 2. Bb2 f6 3. b5 d5 4. e3 Be6 5. a4 Bd6 6. c4 c6 7. Na3 Qe7 8. Be2 Nd7 9. Nf3 Nh6 10. d4 Bb4+ 11. Nd2 e4 12. c5 0-0 13. Nc2 Ba5 14. Ba3 Bc7 15. Nb4 Nb8 16. Qb3 f5 17. g3 Kh8 18. b6 Bd8 19. a5 Rf7 20. f4 g5 21. 0-0-0 Qf6 22. Bb2 axb6 23. axb6 Bc8 24. Rdf1 Qg6 25. Qd1 g4 26. h3 Rg7 27. Nc2 Be6 28. h4 Bf6 29. Nb4 Qe8 30. Qb3 Nf7 31. Kc2 Bc8 32. Ra1 Rxa1 33. Rxa1 Nd7 34. Ra8 Rg8 35. Nxc6 Nxc5 36. dxc5 Qxc6 37. Bxf6+ Qxf6 38. Qxd5 Rd8 39. Qc4 Kg8 40. Nb3 Be6 41. Rxd8+ Nxd8 42. Qc3 Qf7 43. Nd4 Bd7 44. Bc4 Ne6 45. Nxe6 Bxe6 46. Bxe6 Qxe6 47. Qb3 1-0

[Event "SVK-ch Seniors-B"]
[Site "Tatranske Matliare"]
[Date "2016.06.06"]
[Round "3"]
[White "Jablonicky, Frantisek"]
[Black "Sturc, Gustav"]
[Result "1-0"]
[WhiteElo "2135"]
[BlackElo "2024"]
[PlyCount "55"]
[EventDate "2016.06.05"]
[EventType "swiss"]
[EventRounds "9"]
[EventCountry "SVK"]
[SourceTitle "EXT 2023"]
[Source "ChessBase"]
[SourceDate "2022.10.05"]
[SourceVersion "1"]
[SourceVersionDate "2022.10.05"]
[SourceQuality "1"]

1. Nf3 d5 2. e3 g6 3. c4 e6 4. Nc3 Bg7 5. d4 Nf6 6. Be2 0-0 7. 0-0 b6 8. Qc2 Ba6 9. b3 Nbd7 10. Ba3 Re8 11. Rac1 c6 12. Rfd1 Bf8 13. Bxf8 Rxf8 14. e4 dxe4 15. Nxe4 Nxe4 16. Qxe4 Rc8 17. Ne5 Bb7 18. Rc3 Qe7 19. Rh3 f5 20. Qf4 Nxe5 21. Qxe5 Rc7 22. Re3 Re8 23. Bf3 c5 24. d5 exd5 25. Bxd5+ Bxd5 26. Qxd5+ Kf8 27. Rxe7 Rexe7 28. h4 1-0

[Event "SVK-chT1W 1516"]
[Site "Slovakia"]
[Date "2015.11.14"]
[Round "3.7"]
[White "Bury, Rastislav"]
[Black "Sturc, Gustav"]
[Result "1-0"]
[WhiteElo "2119"]
[BlackElo "2012"]
[PlyCount "55"]
[EventDate "2015.10.24"]
[EventType "team-tourn"]
[EventRounds "11"]
[EventCountry "SVK"]
[SourceTitle "CBM 170 Extra"]
[Source "ChessBase"]
[SourceDate "2016.02.25"]
[SourceVersion "1"]
[SourceVersionDate "2016.02.25"]
[SourceQuality "1"]
[WhiteTeam "Osuske"]
[BlackTeam "Bratislava Slovan II"]
[WhiteTeamCountry "SVK"]
[BlackTeamCountry "SVK"]

1. Nf3 d5 2. g3 g6 3. Bg2 Bg7 4. 0-0 e5 5. d3 Ne7 6. c4 dxc4 7. Qa4+ c6 8. Qxc4 Be6 9. Qc2 h6 10. Nc3 Na6 11. Bd2 0-0 12. Rab1 Nb4 13. Qa4 a5 14. a3 Nbd5 15. Rfd1 b5 16. Qc2 a4 17. Ne4 f5 18. Nc5 Bf7 19. e4 Nb6 20. Bc3 Nd7 21. Bb4 Ra7 22. Qc3 Nxc5 23. Bxc5 Rd7 24. Nxe5 Qc7 25. d4 Bxe5 26. dxe5 Rxd1+ 27. Rxd1 Nc8 28. Bxf8 1-0

[Event "Piestany op"]
[Site "Piestany"]
[Date "2014.11.20"]
[Round "7"]
[White "Sturc, Gustav"]
[Black "Miciak, Emanuel"]
[Result "1/2-1/2"]
[WhiteElo "1975"]
[BlackElo "1882"]
[PlyCount "72"]
[EventDate "2014.11.15"]
[EventType "swiss"]
[EventRounds "8"]
[EventCountry "SVK"]
[SourceTitle "EXT 2023"]
[Source "ChessBase"]
[SourceDate "2022.10.05"]
[SourceVersion "1"]
[SourceVersionDate "2022.10.05"]
[SourceQuality "1"]

1. e4 e5 2. Nf3 Nc6 3. Bb5 a6 4. Ba4 Nf6 5. 0-0 Be7 6. Re1 b5 7. Bb3 0-0 8. d3 d6 9. c3 Na5 10. Bc2 c5 11. Nbd2 Nc6 12. Nf1 b4 13. Ng3 g6 14. Bb3 Na5 15. Bh6 Re8 16. Ng5 Nxb3 17. Qxb3 d5 18. exd5 Ng4 19. Nxf7 Kxf7 20. f4 Nxh6 21. fxe5 Kg7 22. Ne4 Qb6 23. c4 Nf5 24. Qc2 Nd4 25. Qf2 Bf5 26. d6 Bxe4 27. Rxe4 Bd8 28. Rf1 Ra7 29. Rf4 Nf5 30. Re4 Bg5 31. g4 Nh6 32. h4 Rf7 33. hxg5 Rxf2 34. gxh6+ Kxh6 35. Rxf2 Qd8 36. Rf7 Rf8 1/2-1/2

[Event "Piestany op"]
[Site "Piestany"]
[Date "2014.11.17"]
[Round "4"]
[White "Petran, Peter"]
[Black "Sturc, Gustav"]
[Result "1-0"]
[WhiteElo "2342"]
[BlackElo "1975"]
[PlyCount "59"]
[EventDate "2014.11.15"]
[EventType "swiss"]
[EventRounds "8"]
[EventCountry "SVK"]
[SourceTitle "EXT 2023"]
[Source "ChessBase"]
[SourceDate "2022.10.05"]
[SourceVersion "1"]
[SourceVersionDate "2022.10.05"]
[SourceQuality "1"]

1. c4 e5 2. Nc3 Nc6 3. g3 g6 4. Bg2 Bg7 5. e3 d6 6. Nge2 f5 7. d3 Nf6 8. Rb1 a5 9. 0-0 0-0 10. f4 Re8 11. h3 Rb8 12. a3 Be6 13. Nd5 Ne7 14. Nxf6+ Bxf6 15. b3 Kg7 16. d4 Ng8 17. Bb2 Bd7 18. Qd2 b6 19. dxe5 dxe5 20. Rbd1 Be6 21. fxe5 Bg5 22. Qc3 Qe7 23. Nf4 Red8 24. h4 Bxf4 25. exf4 Nh6 26. b4 Ng4 27. Bd5 b5 28. Bxe6 Qxe6 29. cxb5 axb4 30. Qxc7+ 1-0

[Event "SVK-chT1W 1314"]
[Site "Slovakia"]
[Date "2014.03.23"]
[Round "11.8"]
[White "Gunis, Juraj"]
[Black "Sturc, Gustav"]
[Result "1/2-1/2"]
[WhiteElo "2088"]
[BlackElo "2011"]
[PlyCount "24"]
[EventDate "2013.10.12"]
[EventType "team-tourn"]
[EventRounds "11"]
[EventCountry "SVK"]
[SourceTitle "EXT 2015"]
[Source "ChessBase"]
[SourceDate "2014.11.20"]
[SourceVersion "1"]
[SourceVersionDate "2014.11.20"]
[SourceQuality "1"]
[WhiteTeam "Prievidza"]
[BlackTeam "Bratislava Slovan III"]
[WhiteTeamCountry "SVK"]
[BlackTeamCountry "SVK"]

1. e4 e5 2. Nf3 Nc6 3. Bc4 Bc5 4. c3 Nf6 5. d4 exd4 6. cxd4 Bb4+ 7. Bd2 Bxd2+ 8. Nbxd2 d6 9. 0-0 0-0 10. h3 d5 11. exd5 Nxd5 12. Ne4 Bf5 1/2-1/2

[Event "SVK-ch op"]
[Site "Banska Stiavnica"]
[Date "2013.07.07"]
[Round "2"]
[White "Sturc, Gustav"]
[Black "Talla, Vladimir"]
[Result "1/2-1/2"]
[WhiteElo "2047"]
[BlackElo "2394"]
[PlyCount "50"]
[EventDate "2013.07.06"]
[EventType "swiss"]
[EventRounds "9"]
[EventCountry "SVK"]
[SourceTitle "CBM 155 Extra"]
[Source "ChessBase"]
[SourceDate "2013.08.26"]
[SourceVersion "1"]
[SourceVersionDate "2013.08.26"]
[SourceQuality "1"]

1. e4 e5 2. Nf3 Nc6 3. Bb5 a6 4. Ba4 g6 5. c3 Bg7 6. d4 exd4 7. cxd4 b5 8. Bb3 Nge7 9. Nc3 0-0 10. 0-0 d6 11. h3 Bb7 12. d5 Na5 13. Bf4 Qd7 14. Qd2 b4 15. Ne2 Nxb3 16. axb3 a5 17. Bh6 c6 18. Bxg7 Kxg7 19. Qd4+ Kg8 20. Nf4 cxd5 21. Nxd5 Nxd5 22. exd5 Qf5 23. Rfd1 Rfc8 24. Nh2 h5 25. Nf1 Rc5 1/2-1/2

[Event "SVK-ch op"]
[Site "Banska Stiavnica"]
[Date "2013.07.06"]
[Round "1"]
[White "Ruckschloss, Karol"]
[Black "Sturc, Gustav"]
[Result "1/2-1/2"]
[WhiteElo "2283"]
[BlackElo "2047"]
[PlyCount "56"]
[EventDate "2013.07.06"]
[EventType "swiss"]
[EventRounds "9"]
[EventCountry "SVK"]
[SourceTitle "CBM 155 Extra"]
[Source "ChessBase"]
[SourceDate "2013.08.26"]
[SourceVersion "1"]
[SourceVersionDate "2013.08.26"]
[SourceQuality "1"]

1. c4 Nf6 2. d4 c5 3. d5 e6 4. Nc3 exd5 5. cxd5 d6 6. e4 g6 7. Bd3 Bg7 8. f4 0-0 9. Nf3 Na6 10. 0-0 Bg4 11. h3 Bxf3 12. Qxf3 Nb4 13. Bb1 Rb8 14. a3 Na6 15. e5 dxe5 16. fxe5 Nd7 17. Bf4 Bxe5 18. Bxe5 Nxe5 19. Qf4 Nd7 20. Ne4 c4 21. Qh6 Qb6+ 22. Rf2 Qd4 23. Bc2 Qg7 24. Qe3 b6 25. Ba4 Nac5 26. Bxd7 Nxd7 27. Rc1 f5 28. Nd6 Qe5 1/2-1/2

[Event "SVK-ch op-B"]
[Site "Banska Stiavnica"]
[Date "2012.07.12"]
[Round "6"]
[White "Karas, Marek"]
[Black "Sturc, Gustav"]
[Result "1/2-1/2"]
[WhiteElo "1951"]
[BlackElo "2041"]
[PlyCount "39"]
[EventDate "2012.07.07"]
[EventType "swiss"]
[EventRounds "9"]
[EventCountry "SVK"]
[SourceTitle "CBM 149 Extra"]
[Source "ChessBase"]
[SourceDate "2012.08.24"]
[SourceVersion "1"]
[SourceVersionDate "2012.08.24"]
[SourceQuality "1"]

1. d4 Nf6 2. c4 c5 3. d5 e6 4. Nc3 exd5 5. cxd5 d6 6. e4 g6 7. f4 Bg7 8. Bb5+ Kf8 9. a4 Bg4 10. Be2 Bxe2 11. Qxe2 Na6 12. Nf3 Nb4 13. 0-0 Ng4 14. h3 Nh6 15. Be3 Qe7 16. Nd2 Nc2 17. Bf2 Nxa1 18. Rxa1 Re8 19. Re1 b6 20. Nc4 1/2-1/2